| 000 | 00551nam a2200157 a 4500 | ||
|---|---|---|---|
| 001 | 000033511 | ||
| 005 | 20200930070318.0 | ||
| 008 | 110830s1987 dr 000 0 spa d | ||
| 040 |
_aDO-SdBNP _bspa _cBNPHU |
||
| 100 | 1 |
_aArregui, Mariví _92236 |
|
| 245 | 1 | 4 |
_aLas hijas invisibles cuestionan la iglesia / _cMiriví Arregui. |
| 260 |
_a[Santo Domingo]:, _cCentro Dominicano de Estudios de la Educación (CEDEEE) _c1987. |
||
| 300 |
_a21 p. ; _c23 cm. |
||
| 590 | _aPerteneció a la biblioteca personal de Juan Isidro Jimenes Grullón. | ||
| 049 | _aBNPD | ||
| 999 |
_c33002 _d33002 |
||